| 000 | 00699nam a2200217Ia 4500 | ||
|---|---|---|---|
| 003 | GCL | ||
| 008 | 140319s9999 xx 000 0 ara d | ||
| 040 |
_aGCL / _cGCL |
||
| 082 | 0 | 4 |
_a219.3 _bس ا |
| 100 | 1 | _aسيد القمنى | |
| 245 | 1 | 0 |
_aاهل الدين والديمقراطية / _cسيد القمنى |
| 250 | _aالاولى | ||
| 260 |
_aالقاهرة : _bدار مصر المحروسة ، _c2006 |
||
| 300 |
_a323 ص ؛ _c24 سم |
||
| 650 | 0 | 4 | _aالاسلام والمجتمع |
| 650 | 0 | 4 | _aالارهاب |
| 650 | 0 | 4 | _aالاسلام والاصلاح السياسى |
| 650 | 0 | 4 | _aالاسلام السياسى |
| 650 | 0 | 4 | _aالاخوان المسلمون |
| 942 |
_2ddc _cBK |
||
| 999 |
_c8636 _d8636 |
||